000 00730nam a2200217Ii 4500
003 JO-AjNU
008 230605s9999||||xx |||||||||||||| ||und||
017 _a1981/16688
020 _a977-256-448-6
040 _aJO-AjNU
_bara
_erda
_cJO-AjNU
041 _aara
050 1 4 _aHJ9750 1981
100 3 _aتأليف: موسى، احمد محمد,
_eauthor
_919979
245 0 0 _aدراسات في التكاليف : دراسة تحليلة لمشاكل التكاليف
264 3 1 _aالقاهرة: دار النهضة العربية، 1981
300 _a784ص
336 _atext
_btxt
_2rdacontent
337 _aunmediated
_bn
_2rdamedia
338 _avolume
_bnc
_2rdacarrier
650 4 _aمحاسبة التكاليف
_919980
999 _aA6691
_c10259
_d10259